Liedtext: Herbert Grönemeyer - Letzte Version - Statistiken

Allgemein
  • Dieses Quiz wurde 4 mal gespielt
  • Das Durchschnittsergebnis liegt bei 13 aus 257
Antwortstatistiken
Textquiz % Korrekt
letzte
67%
Version
67%
du
33%
sind
33%
und
33%
Wir
33%
zusammen
33%
allein
0%
an
0%
auch
0%
auf
0%
bewahre
0%
bleibt
0%
dabei
0%
Dann
0%
das
0%
dein
0%
deinem
0%
deiner
0%
den
0%
Denk
0%
der
0%
Die
0%
Eid
0%
ein
0%
einem
0%
einmal
0%
Engel
0%
erfahre
0%
Erfinde
0%
Erpress
0%
falsch
0%
findest
0%
Fragmente
0%
Gefühl
0%
getrennt
0%
Gewalt
0%
halten
0%
hat
0%
Hauch
0%
Heb
0%
Heiligenschein
0%
heißt
0%
ihren
0%
Illusion
0%
im
0%
In
0%
irgendeiner
0%
irgendwo
0%
ist
0%
Ist
0%
Jede
0%
jeden
0%
Jeder
0%
kannst
0%
Keine
0%
keine
0%
keiner
0%
Komm
0%
Kreislauf
0%
Küss
0%
küss
0%
lass
0%
Leben
0%
leider
0%
Lös
0%
lügst
0%
mal
0%
meinen
0%
mich
0%
mit
0%
Namen
0%
nicht
0%
Nichts
0%
nichts
0%
Nimm
0%
noch
0%
nur
0%
Nur
0%
ohne
0%
Paradies
0%
Passion
0%
Plan
0%
Platz
0%
Preis
0%
Raum
0%
Rausch
0%
richtig
0%
Schicksal
0%
Schwör
0%
Setz
0%
sieh
0%
sieht
0%
Soll
0%
Spiel
0%
Strich
0%
Sünde
0%
Tausend
0%
Thron
0%
trag
0%
Tränen
0%
umsonst
0%
ungereimt
0%
ungeträumt
0%
unterm
0%
vergeude
0%
Vergiss
0%
verlogenen
0%
Vernichte
0%
Verpfusche
0%
verreist
0%
verschenk
0%
verschleuder
0%
Versprich
0%
vielleicht
0%
vom
0%
von
0%
was
0%
Weg
0%
Wenn
0%
Wünsche
0%
Zeilen
0%
Zeit
0%
Zeitreise
0%
Zelle
0%
Ziel
0%
Zweiwegetraum
0%
zwischen
0%
Keine übereinstimmenden Quizze gefunden
Verteilung der Resultate
Anzahl Personen mit jedem Resultat
Perzentil nach korrekt beantworteten Fragen
Ihre Resultats-Entwicklung
Sie haben dieses Quiz noch nicht gespielt